Cancer vaccines (Record no. 25526)
[ view plain ]
| 000 -LEADER | |
|---|---|
| fixed length control field | 01391nam a2200349Ia 4500 |
| 245 00 - TITLE STATEMENT | |
| Title | Cancer vaccines |
| 260 ## - PUBLICATION, DISTRIBUTION, ETC. (IMPRINT) | |
| Place of publication | New York : |
| Name of publisher | Informa Healthcare, |
| Year of publication | c2008. |
| 300 ## - PHYSICAL DESCRIPTION | |
| Number of Pages | xii, 217 p., [4] p. of plates : |
| Other physical details | ill. (some col.). |
| 490 1# - SERIES STATEMENT | |
| Series statement | Translational medicine series ; |
| 650 #0 - SUBJECT ADDED ENTRY--TOPICAL TERM | |
| Topical Term | Cancer vaccines. |
| Topical Term | Oncology. |
| 700 1# - ADDED ENTRY--PERSONAL NAME | |
| Personal name | Bot, Adrian. |
| Personal name | Obrocea, Mihail. |
| 856 40 - ELECTRONIC LOCATION AND ACCESS | |
| Uniform Resource Identifier | http://site.ebrary.com/lib/rucke/Doc?id=10231561 |
No items available.
